LEADER 01097nam0 22002893i 450 001 RML0470503 005 20231121125803.0 010 $a9781786463517 100 $a20210420d2016 ||||0itac50 ba 101 | $aita 102 $ait 181 1$6z01$ai $bxxxe 182 1$6z01$an 200 1 $aScientific computing with Python 3$ean example-rich, comprehensive guide for all of your Python computational needs$fClaus Fuhrer; Jan Erik Solem, Olivier Verdier 210 $aBirmingham$cPackt$d2016 215 $aVIII, 316 p. 23 cm. 700 1$aFuhrer$b, Claus$3PUVV341564$4070$01232782 701 1$aVerdier$b, Olivier$3RMLV238185$4070$01325688 701 1$aSolem$b, Jan Erik$3RMSV976806$4070$01446788 801 3$aIT$bIT-01$c20210420 850 $aIT-FR0099 899 $aBiblioteca Area Ingegneristica$bFR0099 912 $aRML0470503 950 0$aBiblioteca Area Ingegneristica$d 54S. L. 005.1 FUH$e 54DCM0000000565 VMN A4 $fA $h20210420$i20210420 977 $a 54 996 $aScientific computing with Python 3$93634205 997 $aUNICAS LEADER 01385nam0 22002651i 450 001 UON00391995 005 20231205104616.726 010 $a978-34-650-3632-6 100 $a20110428d2009 |0itac50 ba 101 $ager 102 $aDE 105 $a|||| ||||| 200 1 $aLeitgedanker zur Entstehung der Metaphysik, der neuzeitlichen Wissenschaft und der Modernen Technik$fMartin Heidegger - Frankfurt am Main$eVittorio Klostermann, c2009 - VII, 407 p. ; 21 cm. 316 $aAbt. 3 - Bd.76$5IT-UONSI CONS. FPIII075/(Abt. III/76) 410 1$1001UON00322331$12001 $aGesamtausgabe. III Abteilung: Unveröffentliche Abhandlungen, Vorträge, Gedachtes$fMartin Heidegger - Frankfurt am Main$eV. Klostermann.$vBd. 76 620 $aDE$dFrankfurt am Main$3UONL003175 676 $a193$cFilosofia occidentale moderna. Germania e Austria$v21 700 1$aHeidegger$bMartin$3UONV061177$010351 712 $aKlostermann$3UONV246508$4650 801 $aIT$bSOL$c20250530$gRICA 899 $aSIBA - SISTEMA BIBLIOTECARIO DI ATENEO$2UONSI 912 $aUON00391995 950 $aSIBA - SISTEMA BIBLIOTECARIO DI ATENEO$dSI CONS. FP III 075 (Abt. III/76) $eSI FP 22171 7 (Abt. III/76) Abt. 3 - Bd.76 996 $aLeitgedanker zur Entstehung der Metaphysik, der neuzeitlichen Wissenschaft und der Modernen Technik$91349914 997 $aUNIOR